Statistics for All Municipalities Of Belgium

Click here to take the quiz!

General Stats

  • This quiz has been taken 13 times
  • The average score is 162 of 500

Answer Stats

Answer% Correct
Antwerp
100%
Bruges
100%
Charleroi
100%
Hasselt
100%
Ostend
100%
Aalst
89%
Brussel
89%
Ghent
89%
Leuven
89%
Mol
89%
Mons
89%
Ukkel
89%
Anderlecht
78%
Arlon
78%
Blankenberge
78%
Geel
78%
Knokke-Heist
78%
Liège
78%
Lommel
78%
Mechelen
78%
Namur
78%
Sint-Jans-Molenbeek
78%
Sint-Niklaas
78%
Sint-Pieters-Woluwe
78%
Turnhout
78%
Aalter
67%
As
67%
Asse
67%
Bree
67%
Diksmuide
67%
Durbuy
67%
Elsene
67%
Genk
67%
Halle
67%
Ham
67%
Ham-sur-Heure-Nalinnes
67%
Jette
67%
Kortrijk
67%
La Roche-en-Ardenne
67%
Oudergem
67%
Peer
67%
Schaarbeek
67%
Sint-Lambrechts-Woluwe
67%
Vilvoorde
67%
Waregem
67%
Zelzate
67%
Aarschot
56%
Alken
56%
Ardooie
56%
Berlaar
56%
Bilzen
56%
Brasschaat
56%
Brecht
56%
Bredene
56%
Ciney
56%
Damme
56%
Dendermonde
56%
De Panne
56%
Diepenbeek
56%
Diest
56%
Eupen
56%
Evere
56%
Ganshoren
56%
Harelbeke
56%
Herent
56%
Hoogstraten
56%
Houthalen-Helchteren
56%
Houthulst
56%
Kontich
56%
Landen
56%
Maaseik
56%
Maasmechelen
56%
Machelen
56%
Middelkerke
56%
Niel
56%
Nieuwpoort
56%
Olen
56%
Oostkamp
56%
Pelt
56%
Poperinge
56%
Retie
56%
Roeselare
56%
Rotselaar
56%
Sint-Genesius-Rode
56%
Sint-Truiden
56%
Tienen
56%
Tongeren
56%
Voeren
56%
Vorst
56%
Wachtebeke
56%
Wetteren
56%
Zaventem
56%
Zwijndrecht
56%
Aartselaar
44%
Affligem
44%
Ans
44%
Arendonk
44%
Baarle-Hertog
44%
Balen
44%
Beerse
44%
Begijnendijk
44%
Berlare
44%
Bever
44%
Bierbeek
44%
Bocholt
44%
Boom
44%
Borgloon
44%
Bouillon
44%
Braine-l'Alleud
44%
Braine-le-Château
44%
Braine-le-Comte
44%
Butgenbach
44%
Chimay
44%
De Haan
44%
Deinze
44%
Denderleeuw
44%
Dessel
44%
Destelbergen
44%
Duffel
44%
Eeklo
44%
Erpe-Mere
44%
Essen
44%
Etterbeek
44%
Galmaarden
44%
Gavere
44%
Geraardsbergen
44%
Grobbendonk
44%
Haaltert
44%
Hamme
44%
Hechtel-Eksel
44%
Heist-op-den-Berg
44%
Hemiksem
44%
Herentals
44%
Herselt
44%
Herstal
44%
Heusden-Zolder
44%
Hoeselt
44%
Izegem
44%
Jodoigne
44%
Kalmthout
44%
Kapelle
44%
Kasterlee
44%
Koksijde
44%
Kortenberg
44%
Kuurne
44%
La Louvière
44%
Lanaken
44%
Langemark-Poelkapelle
44%
Lennik
44%
Leopoldsburg
44%
Lier
44%
Lille
44%
Linkebeek
44%
Lokeren
44%
Londerzeel
44%
Maldegem
44%
Malmedy
44%
Marche-en-Famenne
44%
Meerhout
44%
Merelbeke
44%
Mesen
44%
Moerbeke
44%
Mouscron
44%
Oudenaarde
44%
Oudsbergen
44%
Pepingen
44%
Puurs-Sint-Amands
44%
Ravels
44%
Riemst
44%
Rijkevorsel
44%
Schelle
44%
Scherpenheuvel-Zichem
44%
Sint-Pieters-Leeuw
44%
Temse
44%
Ternat
44%
Tervuren
44%
Tessenderlo
44%
Tielt
44%
Tielt-Winge
44%
Torhout
44%
Veurne
44%
Vosselaar
44%
Wellen
44%
Wervik
44%
Westerlo
44%
Wevelgem
44%
Wielsbeke
44%
Wijnegem
44%
Wuustwezel
44%
Zedelgem
44%
Zele
44%
Zonhoven
44%
Zottegem
44%
Zuienkerke
44%
Zulte
44%
Anzegem
33%
Assenede
33%
Ath
33%
Aubel
33%
Avelgem
33%
Aywaille
33%
Bastogne
33%
Beauraing
33%
Beauvechain
33%
Beersel
33%
Bekkevoort
33%
Binche
33%
Boechout
33%
Bornem
33%
Borsbeek
33%
Boutersem
33%
Couvin
33%
Deerllijk
33%
Dentergem
33%
Dilsen-Stokkem
33%
Dinant
33%
Drogenbos
33%
Edegem
33%
Esneux
33%
Evergem
33%
Flobecq
33%
Florenville
33%
Geetbets
33%
Gingelom
33%
Gistel
33%
Grimbergen
33%
Haacht
33%
Halen
33%
Heers
33%
Herenthout
33%
Herk-de-Stad
33%
Herstappe
33%
Herzele
33%
Heuvelland
33%
Hoegaarden
33%
Hoeilaart
33%
Huldenberg
33%
Ichtegem
33%
Ingelmunster
33%
Jabbeke
33%
Kaprijke
33%
Keerbergen
33%
Kinrooi
33%
Koekelare
33%
Koekelberg
33%
Kortemark
33%
Kortenaken
33%
Kraainem
33%
Kruibeke
33%
La Hulpe
33%
Lebbeke
33%
Lede
33%
Ledegem
33%
Libramont-Chevigny
33%
Liedekerke
33%
Lochristi
33%
Lubbeek
33%
Malle
33%
Menen
33%
Merksplas
33%
Meulebeke
33%
Moorslede
33%
Mortsel
33%
Nazareth
33%
Nijlen
33%
Nivelles
33%
Oostrozebeke
33%
Ottignies-Louvain-la-Neuvre
33%
Oudenburg
33%
Oud-Heverlee
33%
Oud-Turnhout
33%
Overijse
33%
Putte
33%
Ranst
33%
Ronse
33%
Schilde
33%
Sint-Agatha-Berchem
33%
Sint-Gillis
33%
Sint-Gillis-Waals
33%
Sint-Joost-ten-Node
33%
Sint-Katelijne-Waver
33%
Sint-Martens-Latem
33%
Spiere-Helkijn
33%
Stabroek
33%
Staden
33%
Stekene
33%
Tremelo
33%
Vleteren
33%
Vorselaar
33%
Waasmunster
33%
Watermaal-Bosvoorde
33%
Wemmel
33%
Wichelen
33%
Wingene
33%
Wommelgem
33%
Ypres
33%
Zandhoven
33%
Zoersel
33%
Zonnebeke
33%
Zoutleeuw
33%
Zutendaal
33%
Zwalm
33%
Zwevegem
33%
Alveringem
22%
Beernem
22%
Beringen
22%
Bernissart
22%
Bertem
22%
Boortmeerbeek
22%
Brakel
22%
Buggenhout
22%
Chaudfontaine
22%
Comines-Warneton
22%
De Pinte
22%
Dilbeek
22%
Enghien
22%
Fernelmont
22%
Genappe
22%
Glabbeek
22%
Gooik
22%
Gouvy
22%
Grez-Doiceau
22%
Hamoir
22%
Hannut
22%
Herne
22%
Holsbeek
22%
Hooglede
22%
Hotton
22%
Houffalize
22%
Hulshout
22%
Huy
22%
Kapelle-op-den-Bos
22%
Kluisbergen
22%
Kortessem
22%
Kruisem
22%
Laakdal
22%
Laarne
22%
La Calamine
22%
Lendelede
22%
Lichtervelde
22%
Lierde
22%
Lievegem
22%
Limbourg
22%
Lint
22%
Linter
22%
Lo-Reninge
22%
Maarkedal
22%
Meise
22%
Merchtem
22%
Messancy
22%
Neufchâteau
22%
Nieuwekerken
22%
Oosterzele
22%
Oreye
22%
Pittem
22%
Roosdaal
22%
Ruiselede
22%
Rumst
22%
Schoten
22%
Sint-Laureins
22%
Sint-Lievens-Houtem
22%
Steenokkerzeel
22%
Wezembeek-Oppem
22%
Willebroek
22%
Wortegem-Petegem
22%
Zemst
22%
Amblève
11%
Anderlues
11%
Antoing
11%
Bassenge
11%
Berloz
11%
Bertrix
11%
Brugelette
11%
Bullange
11%
Celles
11%
Chastre
11%
Châtelet
11%
Chiny
11%
Courcelles
11%
Daverdisse
11%
Donceel
11%
Éghezée
11%
Érezée
11%
Erquilinnes
11%
Fexhe-le-Haut-Clocher
11%
Fleurus
11%
Floreffe
11%
Geer
11%
Habay
11%
Hélécine
11%
Herbeumont
11%
Horebeke
11%
Hove
11%
Ittre
11%
Jalhay
11%
Jemeppe-sur-Sambre
11%
Léglise
11%
Lens
11%
Les Bons Villers
11%
Lessines
11%
Libin
11%
Lierneux
11%
Lontzen
11%
Lummen
11%
Manage
11%
Manhay
11%
Martelange
11%
Meix-devant-Virton
11%
Mont-de-l'Enclus
11%
Mont-Saint-Guibert
11%
Morlanwelz
11%
Nassogne
11%
Onhaye
11%
Opwijk
11%
Aiseau-Presles
0%
Amay
0%
Andenne
0%
Anhée
0%
Anthisnes
0%
Assesse
0%
Attert
0%
Aubange
0%
Awans
0%
Baelen
0%
Beaumont
0%
Beloeil
0%
Bertogne
0%
Beyne-Heusay
0%
Bièvre
0%
Blegny
0%
Boussu
0%
Braives
0%
Brunehaut
0%
Burdinne
0%
Burg-Reuland
0%
Cerfontaine
0%
Chapelle-lez-Herlaimont
0%
Chaumont-Gistoux
0%
Chièvres
0%
Clavier
0%
Colfontaine
0%
Comlain-au-Pont
0%
Court-Saint-Étienne
0%
Crisnée
0%
Dalhem
0%
Dison
0%
Doische
0%
Dour
0%
Écaussinnes
0%
Ellezelles
0%
Engis
0%
Estaimpuis
0%
Estinnes
0%
Étalle
0%
Faimes
0%
Farciennes
0%
Fauvillers
0%
Ferrières
0%
Flémalle
0%
Fléron
0%
Florennes
0%
Fontaine-l-Évêque
0%
Fosses-la-Ville
0%
Frameries
0%
Frasnes-lez-Anvaing
0%
Froidchapelle
0%
Gedinne
0%
Gembloux
0%
Gerpinnes
0%
Gesves
0%
Grâce-Hollogne
0%
Hamois
0%
Hamon-Achel
0%
Hastière
0%
Havelange
0%
Hensies
0%
Héron
0%
Herve
0%
Honnelles
0%
Incourt
0%
Jurbise
0%
La Bruyère
0%
Lasne
0%
Le Roeulx
0%
Leuze-en-Hainaut
0%
Lincent
0%
Lobbes
0%
Marchin
0%
Merbes-le-Château
0%
Mettet
0%
Modave
0%
Momignies
0%
Montigny-le-Tilleul
0%
Musson
0%
Nandrin
0%
Neupré
0%
Ninoven
0%
Ohey
0%
Olne
0%
Orp-Jauche
0%

Score Distribution

Percentile by Number Answered

Percent of People with Each Score

Your Score History

You have not taken this quiz